000 00587nam a2200181 i 4500
001 21188
003 ES-MaACL
005 20231227200018.0
007 t|
008 021122s1948 sp ||||1| spa d
100 1 _aAgosti, Luis.
_918572
245 1 0 _aGimnasia educativa /
_cLuis Agosti ; prólogo del Prof. Carlos Jiménez Díaz.
260 _aMadrid :
_b[s.n.],
_c1948 (
_fTall. Instituto Geográfico y Catastral)
300 _aXVI, 767 p. :
_bil. ;
_c28 cm.
700 1 _aJiménez Díaz, Carlos,
_d1898-1967
_966515
852 _aES-MaACL
_jB-766
_bR.25333
999 _c21188
_d21188